Statistics for Hottest Countries In January

Click here to take the quiz!

General Stats

  • This quiz has been taken 32 times
  • The average score is 10 of 20

Answer Stats

Average º(F)Country% Correct
82.6 ºFAustralia
97%
81.7 ºFMarshall Islands
71%
81.6 ºFPalau
71%
82.4 ºFSamoa
68%
83.2 ºFTuvalu
68%
79.9 ºFFiji
65%
81.5 ºFF. S. Micronesia
65%
83.0 ºFKiribati
65%
82.0 ºFNauru
61%
80.9 ºFTonga
61%
79.8 ºFSolomon Islands
52%
81.1 ºFBrunei
45%
80.7 ºFSingapore
39%
82.2 ºFMaldives
35%
80.1 ºFMozambique
26%
82.3 ºFParaguay
26%
80.1 ºFTogo
26%
80.6 ºFBenin
16%
81.1 ºFGhana
16%
81.1 ºFSouth Sudan
13%

Score Distribution

Percentile by Number Answered

Percent of People with Each Score

Your Score History

You have not taken this quiz